MARC

Tag First Indicator Second Indicator Subfields
LEADER 00000cam a2200000Ii 4500
001 in00003531007
005 20151105194105.0
008 140724s2014 enka b 001 0 eng d
020 |a 9780719078675 (hbk.) 
020 |a 0719078679 (hbk.) 
035 |a (OCoLC)ocn887934183 
040 |a UKM  |e rda  |c UKM  |d YDX  |d BDX  |d CDX  |d UAB  |d VRC  |d UtOrBLW 
049 |a TXAM 
050 4 |a PR2805  |b .O76 2014 
082 0 |a 822.33  |2 23 
100 1 |a Ormsby, Robert,  |e author. 
245 1 0 |a Coriolanus /  |c Robert Ormsby. 
264 1 |a Manchester ;  |a New York :  |b Manchester University Press ;  |a New York :  |b Distributed in the United States exclusively by Palgrave Macmillan,  |c 2014. 
300 |a xii, 281 pages :  |b illustrations ;  |c 23 cm. 
336 |a text  |b txt  |2 rdacontent 
337 |a unmediated  |b n  |2 rdamedia 
338 |a volume  |b nc  |2 rdacarrier 
490 1 |a Shakespeare in performance 
504 |a Includes bibliographical references and index. 
600 1 0 |a Shakespeare, William,  |d 1564-1616.  |t Coriolanus. 
600 1 0 |a Shakespeare, William,  |d 1564-1616  |x Stage history. 
600 1 0 |a Shakespeare, William,  |d 1564-1616  |x Criticism and interpretation. 
830 0 |a Shakespeare in performance. 
945 |a PromptCat  |b 177929 
946 |a stk 
947 |a A14842977994 
948 |a cataloged  |b h  |c 2015/5/8  |d c  |e dmitchel  |f 1:30:20 pm 
994 |a 92  |b TXA 
999 |a MARS 
999 f f |s fcc66781-772b-31ac-8275-197957d6e412  |i dec1896c-646e-37a0-8ff4-1e477da42468  |t 0 
952 f f |p normal  |a Texas A&M University  |b College Station  |c Sterling C. Evans Library  |d Evans: Library Stacks  |t 0  |e PR2805 .O76 2014  |h Library of Congress classification  |i unmediated -- volume  |m A14842977994 
998 f f |a PR2805 .O76 2014  |t 0  |l Evans: Library Stacks